000 00400nam a2200169Ia 4500
008 230524s9999 xx 000 0 und d
020 _a9789352604180
082 _a6.312
_bMAH
100 _aAnil Maheshwari
245 0 _aData Analytics
250 _a1
260 _aChennai
_bMGH
_c2017
300 _a"xviii,250p;"
500 _aQuantity Number: 10
650 _aComputer Science
942 _cBK
999 _c59488
_d59488